<?xml version="1.0" encoding="UTF-8"?>
<record
    xmlns:xsi="http://www.w3.org/2001/XMLSchema-instance"
    xsi:schemaLocation="http://www.loc.gov/MARC21/slim http://www.loc.gov/standards/marcxml/schema/MARC21slim.xsd"
    xmlns="http://www.loc.gov/MARC21/slim">

  <leader>01016nam a22002177a 4500</leader>
  <datafield tag="999" ind1=" " ind2=" ">
    <subfield code="c">61952</subfield>
    <subfield code="d">61952</subfield>
  </datafield>
  <controlfield tag="005">20200120160049.0</controlfield>
  <datafield tag="010" ind1=" " ind2=" ">
    <subfield code="a">B-242779</subfield>
  </datafield>
  <datafield tag="020" ind1=" " ind2=" ">
    <subfield code="a">8189379054</subfield>
    <subfield code="c">100.00</subfield>
  </datafield>
  <datafield tag="035" ind1=" " ind2=" ">
    <subfield code="a">B-242778</subfield>
  </datafield>
  <datafield tag="035" ind1=" " ind2=" ">
    <subfield code="a">B-242800  </subfield>
  </datafield>
  <datafield tag="035" ind1=" " ind2=" ">
    <subfield code="a">B-242795</subfield>
  </datafield>
  <datafield tag="035" ind1=" " ind2=" ">
    <subfield code="a">B-242779</subfield>
  </datafield>
  <datafield tag="100" ind1=" " ind2=" ">
    <subfield code="a">&#x92F;&#x941;&#x927;&#x93F;&#x937;&#x94D;&#x920;&#x93F;&#x930; &#x915;&#x941;&#x92E;&#x93E;&#x930;</subfield>
  </datafield>
  <datafield tag="245" ind1=" " ind2=" ">
    <subfield code="a">&#x905;&#x92A;&#x928;&#x947; &#x92C;&#x91A;&#x94D;&#x91A;&#x94B;&#x902; &#x915;&#x94B; &#x92A;&#x939;&#x91A;&#x93E;&#x928;&#x93F;&#x947;&#x90F; /</subfield>
  </datafield>
  <datafield tag="246" ind1=" " ind2=" ">
    <subfield code="a">&#x905;&#x92A;&#x928;&#x947; &#x92C;&#x91A;&#x94D;&#x91A;&#x94B;&#x902; &#x915;&#x94B; &#x92A;&#x939;&#x91A;&#x93E;&#x928;&#x93F;&#x947;&#x90F; /</subfield>
    <subfield code="b">&#x92F;&#x941;&#x927;&#x93F;&#x937;&#x94D;&#x920;&#x930; &#x915;&#x941;&#x92E;&#x93E;&#x930;</subfield>
  </datafield>
  <datafield tag="260" ind1=" " ind2=" ">
    <subfield code="a">&#x926;&#x93F;&#x932;&#x94D;&#x932;&#x940;</subfield>
    <subfield code="b">&#x932;&#x928;&#x93F;&#x930;&#x94D;&#x917;&#x902; &#x91F;&#x94D;&#x930;&#x940; &#x92A;&#x92C;&#x94D;&#x932;&#x93F;&#x936;&#x930;&#x94D;&#x938; &#x90F;&#x923;&#x94D;&#x921; &#x921;&#x93F;&#x938;&#x94D;&#x91F;&#x94D;&#x930;&#x940;&#x92C;&#x94D;&#x92F;&#x942;&#x91F;&#x930;&#x94D;&#x938;</subfield>
    <subfield code="c">2007</subfield>
  </datafield>
  <datafield tag="270" ind1=" " ind2=" ">
    <subfield code="a">1376, &#x917;&#x94D;&#x930;&#x93E;&#x909;&#x923;&#x94D;&#x921; &#x92B;&#x94D;&#x938;&#x94B;&#x930;, &#x915;&#x936;&#x94D;&#x92E;&#x940;&#x930;&#x940; &#x917;&#x947;&#x91F;</subfield>
    <subfield code="b">&#x926;&#x93F;&#x932;&#x94D;&#x932;&#x940;</subfield>
    <subfield code="e">110032</subfield>
  </datafield>
  <datafield tag="300" ind1=" " ind2=" ">
    <subfield code="a">87 &#x92A;&#x943;&#x93C;.</subfield>
    <subfield code="b">&#x938;&#x91A;&#x93F;&#x924;&#x94D;&#x930;</subfield>
    <subfield code="c">22 &#x938;&#x947;&#x902;.&#x92E;&#x940;. (&#x938;&#x91C;&#x93F;&#x932;&#x94D;&#x926;)</subfield>
  </datafield>
  <datafield tag="700" ind1=" " ind2=" ">
    <subfield code="a">&#x92F;&#x941;&#x927;&#x93F;&#x937;&#x94D;&#x920;&#x93F;&#x930; &#x915;&#x941;&#x92E;&#x93E;&#x930;</subfield>
    <subfield code="9">39487</subfield>
  </datafield>
  <datafield tag="942" ind1=" " ind2=" ">
    <subfield code="2">ddc</subfield>
    <subfield code="c">CH</subfield>
    <subfield code="e">2010</subfield>
    <subfield code="m">&#x92F;&#x941;&#x927;&#x93F;&#x937;&#x94D;&#x920;</subfield>
  </datafield>
  <datafield tag="952" ind1=" " ind2=" ">
    <subfield code="0">0</subfield>
    <subfield code="1">0</subfield>
    <subfield code="4">0</subfield>
    <subfield code="7">0</subfield>
    <subfield code="8">NFIC</subfield>
    <subfield code="a">ZLS</subfield>
    <subfield code="b">ZLS</subfield>
    <subfield code="d">2012-02-04</subfield>
    <subfield code="g">100.00</subfield>
    <subfield code="l">1</subfield>
    <subfield code="m">1</subfield>
    <subfield code="o">155.4 &#x92F;&#x941;&#x927;&#x93F;&#x937;&#x94D;&#x920;</subfield>
    <subfield code="p">B-242778</subfield>
    <subfield code="r">2018-09-19 00:00:00</subfield>
    <subfield code="s">2018-08-18</subfield>
    <subfield code="v">100.00</subfield>
    <subfield code="w">2012-02-04</subfield>
    <subfield code="y">CH</subfield>
  </datafield>
  <datafield tag="952" ind1=" " ind2=" ">
    <subfield code="0">0</subfield>
    <subfield code="1">0</subfield>
    <subfield code="4">0</subfield>
    <subfield code="7">0</subfield>
    <subfield code="8">NFIC</subfield>
    <subfield code="a">RC</subfield>
    <subfield code="b">RC</subfield>
    <subfield code="d">2018-11-12</subfield>
    <subfield code="g">100.00</subfield>
    <subfield code="l">0</subfield>
    <subfield code="o">&#x92F;&#x941;&#x927;&#x93F;&#x937;&#x94D;&#x920;</subfield>
    <subfield code="p">B-242800</subfield>
    <subfield code="r">2018-11-12 00:00:00</subfield>
    <subfield code="v">100.00</subfield>
    <subfield code="w">2018-11-12</subfield>
    <subfield code="y">CH</subfield>
  </datafield>
  <datafield tag="952" ind1=" " ind2=" ">
    <subfield code="0">0</subfield>
    <subfield code="1">0</subfield>
    <subfield code="4">0</subfield>
    <subfield code="7">0</subfield>
    <subfield code="8">NFIC</subfield>
    <subfield code="a">RC</subfield>
    <subfield code="b">RC</subfield>
    <subfield code="d">2018-11-12</subfield>
    <subfield code="g">100.00</subfield>
    <subfield code="l">0</subfield>
    <subfield code="o">&#x92F;&#x941;&#x927;&#x93F;&#x937;&#x94D;&#x920;</subfield>
    <subfield code="p">B-242795</subfield>
    <subfield code="r">2018-11-12 00:00:00</subfield>
    <subfield code="v">100.00</subfield>
    <subfield code="w">2018-11-12</subfield>
    <subfield code="y">CH</subfield>
  </datafield>
  <datafield tag="952" ind1=" " ind2=" ">
    <subfield code="0">0</subfield>
    <subfield code="1">0</subfield>
    <subfield code="4">0</subfield>
    <subfield code="7">0</subfield>
    <subfield code="8">NFIC</subfield>
    <subfield code="a">RKP</subfield>
    <subfield code="b">RKP</subfield>
    <subfield code="d">2020-01-20</subfield>
    <subfield code="e">BPPD/Purchase</subfield>
    <subfield code="g">100.00</subfield>
    <subfield code="l">2</subfield>
    <subfield code="m">1</subfield>
    <subfield code="o">&#x92F;&#x941;&#x927;&#x93F;&#x937;&#x94D;&#x920;</subfield>
    <subfield code="p">B-242779</subfield>
    <subfield code="r">2022-07-01 00:00:00</subfield>
    <subfield code="s">2022-06-15</subfield>
    <subfield code="t">1</subfield>
    <subfield code="v">100.00</subfield>
    <subfield code="y">CH</subfield>
  </datafield>
</record>
